| 000 | 02325cam a22002297a 4500 | ||
|---|---|---|---|
| 005 | 20170731114112.0 | ||
| 008 | 991014s18820000cl fr 0 1 spa d | ||
| 040 |
_aCO-BoPUJ _cSandra Yazo (modificó) _dSandra Yazo (modificó) |
||
| 041 | 0 | _aspa | |
| 082 | 0 | 4 |
_a928.61 _220 |
| 092 | _aE25N032 | ||
| 100 | 1 |
_aAmunátegui, Miguel Luís _d1828-1888 _934150 |
|
| 245 | 1 | 0 |
_aVida de Don Andres Bello _cpor Miguel Luis Amunategui |
| 260 |
_aSantiago de Chile (Chile) _bPedro G. Ramírez _c1882 |
||
| 300 |
_a672 páginas _c24 x 17 m. |
||
| 500 | _aDetalles físicos: Encuadernación rígida (holandesa) en cartón forrado en papel, lomo en cuero con nervaduras sobre costura y adornos en dorado. Tapas con raspaduras, desgaste en bordes y residuos de cinta pegante. Guardas. Hoja de cortesía. Anteportada. Portada impresa en una sola tinta, con una nota manuscrita de donación. Texto impreso en una sola columna. Márgenes amplios. Algunas notas al pie de página. Papel manchado | ||
| 505 | 2 | _aLa casa en que nación don Andrés Bello ; Encanto que don Andrés Bello, aun niño, encuentra en las comedias de Calderón de la Barca ; El presbítero don José Antonio Montenegro segundo maestro de don Andrés Bello ; Afición de Bello a pasarse por el campo de Venezuela ; Nombramiento de Bello para oficial de la secretaria en la gobernación de Venezuela ; Nombramiento de don Andrés Bello para secretario de la Junta central de vacuna de Caracas ; Progreso intelectual de Venezuela en los primeros años del siglo XIX ; Nombramiento de don Andrés Bello para secretario de la legación de Colombia en Londres ; El Repertorio Americano ; Resolución de dejar el servicio de Colombia i de aceptar un empleo en Chile que tomó don Andrés Bello ; Establecimiento de don Andrés Bello en Chile ; Los principios de las leyes de gentes ; Importancia Social que don Andrés Bello atribuía a la instrucción ; Estudio de la lengua castellana empeñosamente recomendado y promovido en Chile ; Creación de la universidad de Chile ; Esfuerzos de Bello para restablecer las buenas relaciones y la amistad entre Chile y España ; Filosofía del entendimiento | |
| 506 | _aConsulta en sala | ||
| 600 | 1 | 4 |
_aBello, Andres _d1781-1865 _934151 _xBiografías |
| 690 |
_aBiografías _97343 |
||
| 942 |
_cLIBRO _e1 _2LOCAL _hE25N032 |
||
| 999 |
_c166084 _d166084 |
||